Indonésie, země úvěrum zaslíbená
Indonézia - veľká a geograficky rôznorodá zem, ktorá ekonomicky závisí na vývoze nerastných surovín a niektorých poľnohospodárskych produktoch (napr. palmového oleja). Indonézia a úverové bankovníctvo.
Uložené v:
| Hlavný autor: | |
|---|---|
| Médium: | Kapitola |
| Jazyk: | Czech |
| Predmet: | |
| Tagy: |
Žiadne tagy, Buďte prvý, kto otaguje tento záznam!
|
MARC
| LEADER | 00000naa a2200000 4500 | ||
|---|---|---|---|
| 001 | 0212784 | ||
| 005 | 20221104110440.7 | ||
| 041 | 0 | |a cze | |
| 044 | |a CZ | ||
| 245 | 1 | 0 | |a Indonésie, země úvěrum zaslíbená |c Roman Bartuška |
| 520 | |a Indonézia - veľká a geograficky rôznorodá zem, ktorá ekonomicky závisí na vývoze nerastných surovín a niektorých poľnohospodárskych produktoch (napr. palmového oleja). Indonézia a úverové bankovníctvo. | ||
| 610 | 2 | 0 | |a bankovníctvo |
| 610 | 2 | 0 | |a banky |
| 610 | 2 | 0 | |a služby bankové |
| 610 | 2 | 0 | |a služby finančné |
| 610 | 2 | 0 | |a banky obchodné |
| 610 | 2 | 0 | |a inkaso |
| 610 | 2 | 0 | |a kapitál bankový |
| 610 | 2 | 0 | |a rozhodovanie úverové |
| 610 | 2 | 0 | |a Indonézia |
| 100 | 1 | |a Bartuška, Roman | |